LEADER 03007nam 2200505 a 450 001 9910787665203321 005 20230801231257.0 010 $a1-61711-810-9 035 $a(CKB)2670000000420898 035 $a(EBL)3404588 035 $a(SSID)ssj0000981353 035 $a(PQKBManifestationID)11572349 035 $a(PQKBTitleCode)TC0000981353 035 $a(PQKBWorkID)10971560 035 $a(PQKB)11161165 035 $a(MiAaPQ)EBC3404588 035 $a(EXLCZ)992670000000420898 100 $a20120105d2012 uy 0 101 0 $aeng 135 $aur|n|---||||| 181 $ctxt 182 $cc 183 $acr 200 00$aSelf-expanding stents in gastrointestinal endoscopy$b[electronic resource] /$f[edited by] Douglas G. Adler 210 $aThorofare, N.J. $cSLACK Inc.$dc2012 215 $a1 online resource (255 p.) 300 $aDescription based upon print version of record. 311 $a1-61711-028-0 320 $aIncludes bibliographical references and index. 327 $aEsophageal stents in benign disease / Sanjay R. Hegde and Eric Goldberg -- Esophageal stents in preoperative esophageal cancer patients / Kathryn R. Byrne, John C. Fang, and Douglas G. Adler -- Esophageal stents in patients with malignant dysphagia due to unresectable disease / Kulwinder S. Dua -- Complications of esophageal stents and their management / Gulshan Parasher and Jess D. Schwartz -- Metal biliary stents in benign pancreaticobiliary disease / Michelle A. Anderson and Richard S. Kwon -- Metal biliary stents in patients with potentially resectable pancreaticobiliary malignancy / Tyler M. Berzin, Ram Chuttani, and Douglas K. Pleskow -- Metal biliary stents in patients with unresectable pancreaticobiliary malignancy / Waqar Qureshi -- Metal biliary stent complications and their management / Jessica I. Chan and Douglas G. Adler -- Gastroduodenal stents / Christopher J. DiMaio -- Gastroduodenal stents versus surgery for malignant gastric outlet obstruction / Ali A. Siddiqui -- Colonic stents as a bridge to surgery in patients with colonic obstruction / Andres Gelrud -- Colonic stents as palliative therapy in patients with malignant large bowel obstruction / Sergey V. Kantsevoy -- Complications of colonic stenting and their management / Sonia Gosain, Kevin Halsey, and Peter Darwin -- The future of self-expanding stents in gastrointestinal endoscopy / Jeffrey L. Tokar. 606 $aGastrointestinal system$xDiseases$xTreatment 606 $aGastrointestinal system$xEndoscopic surgery 606 $aStents (Surgery) 615 0$aGastrointestinal system$xDiseases$xTreatment. 615 0$aGastrointestinal system$xEndoscopic surgery. 615 0$aStents (Surgery) 676 $a616.33075 701 $aAdler$b Douglas G.$f1969-$01497798 801 0$bMiAaPQ 801 1$bMiAaPQ 801 2$bMiAaPQ 906 $aBOOK 912 $a9910787665203321 996 $aSelf-expanding stents in gastrointestinal endoscopy$93723054 997 $aUNINA LEADER 03202nam 2200685 a 450 001 9910960396403321 005 20240516003052.0 010 $a9780748698547 010 $a074869854X 010 $a9781845861995 010 $a184586199X 024 7 $a10.1515/9780748698547 035 $a(CKB)2550000001040443 035 $a(EBL)3055056 035 $a(OCoLC)922972158 035 $a(SSID)ssj0001679896 035 $a(PQKBManifestationID)16490088 035 $a(PQKBTitleCode)TC0001679896 035 $a(PQKBWorkID)15023457 035 $a(PQKB)10390179 035 $a(MiAaPQ)EBC3055056 035 $a(Au-PeEL)EBL3055056 035 $a(CaPaEBR)ebr10651505 035 $a(DE-B1597)665695 035 $a(DE-B1597)9780748698547 035 $a(Perlego)1708875 035 $a(EXLCZ)992550000001040443 100 $a20130206d2010 uy 0 101 0 $aeng 135 $aur|n|---||||| 181 $ctxt 182 $cc 183 $acr 200 14$aThe student guide to mooting /$fMichael Hammond ; edited by Margaret Ross 205 $a1st ed. 210 $aDundee $cDundee University Press$d2010 215 $a1 online resource (108 p.) 300 $aDescription based upon print version of record. 311 08$a9781845861131 311 08$a1845861132 320 $aIncludes bibliographical references and index. 327 $a""Contents ""; ""Foreword ""; ""Preface ""; ""Chapter 1 introduction to mooting""; ""Chapter 2 counsel""; ""Chapter 3 stage 1: the problem and moot point""; ""Chapter 4 stage 2: making a legal argument""; ""Chapter 5 use of authority""; ""Chapter 6 use of time""; ""Chapter 7 court etiquette""; ""Chapter 8 team tactics and strategies""; ""Chapter 9 body language and presentation skills""; ""Chapter 10 the judge""; ""Chapter 11 procedure on the day of the moot""; ""Chapter 12 advice for the judge""; ""Chapter 13 advice for the clerk""; ""Chapter 14 mooting competitions"" 327 $a""Chapter 15 conclusion""""Further reading ""; ""Appendix 1 mooting example: criminal law""; ""Index of examples""; ""Index of figures""; ""Index"" 330 $aThe ideal introduction to legal argument for new law students and competitive mootersGuiding you through the process of legal argument, this book will teach you all you need to know about how to research and structure your moot, the use of legal authority, honing your presentation skills and addressing the court. To show you how it's done, Hammond provides a worked example applying the two-stage method to creating a legal argument in a moot court. Competitive mooters will find details of internal, national and international competitions and guidelines for event judges and clerks. 606 $aCase method 606 $aMoot courts 606 $aLaw$xStudy and teaching 615 0$aCase method. 615 0$aMoot courts. 615 0$aLaw$xStudy and teaching. 676 $a340.071173 700 $aHammond$b Michael$0174134 701 $aRoss$b Margaret$01813407 801 0$bMiAaPQ 801 1$bMiAaPQ 801 2$bMiAaPQ 906 $aBOOK 912 $a9910960396403321 996 $aThe student guide to mooting$94366496 997 $aUNINA